| 000 | 00759nam a2200229 4500 | ||
|---|---|---|---|
| 003 | OSt | ||
| 005 | 20240708065623.0 | ||
| 006 | a | ||
| 008 | 240708b |||||||| |||| 00| 0 eng d | ||
| 020 | _a9789814232529 | ||
| 040 |
_aDWCL-HMN lib. _cOC |
||
| 082 |
_2Second edition _aCirc. 647.94 Ad212m 2007 |
||
| 100 | _aAdams, Debra | ||
| 245 | _aManagement accounting for the hospitality, tourism and leisure industries : a strategic approach / | ||
| 250 | _aSecond edition | ||
| 260 |
_aSingapore : _bThomson Learning Asia, _cc2007. |
||
| 300 |
_axiii, _b322 p. : ill. ; _c25 cm. |
||
| 504 | _aIncludes index. | ||
| 650 | _a1. Hospitality industry-Accounting. | ||
| 650 | _a2. Managerial accounting. | ||
| 942 |
_2ddc _n0 _cBK-CIRC _eSecond edition _kCirc. |
||
| 999 |
_c2108 _d2108 |
||